Statistics for Fill in the Blank Cities - 2

Click here to take the quiz!

General Stats

  • This quiz has been taken 73 times
  • The average score is 8 of 13

Answer Stats

Answer% Correct
{San} Francisco
100%
{San} Salvador
100%
Cape {Town}
88%
Port-{au}-Prince
83%
{Santo} Domingo
76%
{Port} Elizabeth
75%
Dar es {Salaam}
67%
Quezon {City}
57%
{Belo} Horizonte
54%
Nizhny {Novgorod}
39%
San {Pedro} Sula
18%
San Luis {Potosi}
14%
Mbuji-{Mayi}
11%

Score Distribution

Percentile by Number Answered

Percent of People with Each Score

Your Score History

You have not taken this quiz